|
|
|
|
| LEADER |
00000cam a2200000 a 4500 |
| 001 |
vtls001115322 |
| 003 |
SK-MaSNL |
| 005 |
20260302053534.0 |
| 008 |
240318s1978 xo da e n 00000 slo |
| 015 |
|
|
|a SNBA1978
|
| 035 |
|
|
|a SNK000058165
|
| 040 |
|
|
|a SNK
|b slo
|c SNK
|e AACR2
|
| 041 |
0 |
|
|a slo
|
| 044 |
|
|
|a xo
|c SK
|
| 080 |
|
|
|a 621.315.59+621.382(075.8)
|2 1981
|
| 080 |
|
|
|a 621.382(075.8)
|2 1981
|
| 080 |
|
|
|a 621.382
|2 1981
|
| 080 |
|
|
|a 621.315.59(075.8)
|2 1981
|
| 100 |
1 |
|
|a Krempaský, Július,
|d 1931-2019
|4 aut
|9 85238
|
| 245 |
1 |
0 |
|a Polovodiče
|b základy fyziky a technickej aplikácie
|c Július Krempaský, Jozef Lasz
|
| 250 |
|
|
|a 2. vyd.
|
| 260 |
|
|
|a Bratislava
|b Slovenská vysoká škola technická
|c 1978
|
| 300 |
|
|
|a 389 s.
|b grafy, sch., tab.
|c 29 cm
|
| 366 |
|
|
|e 150 výt.
|
| 504 |
|
|
|a Bibliogr. odkazy
|
| 650 |
0 |
7 |
|a polovodiče
|2 SNKPH
|9 1571
|
| 655 |
|
7 |
|a učebnice vysokých škôl
|2 SNKPH
|9 70191
|
| 700 |
1 |
|
|a Lasz, Jozef
|4 aut
|9 6477
|
| 958 |
|
|
|a OND
|
| 958 |
|
|
|a NB
|
| 958 |
|
|
|a RM
|
| 958 |
|
|
|a UV
|
| 999 |
|
|
|c 1109821
|d 1111751
|
| 952 |
|
|
|t P60, <04>, [BOOK], {604}
|a SNK
|b SNK
|y VYP
|7 0
|p 17A0213970
|o snkSB 27398 D1
|i snkKSP 6896/78
|0 0
|1 0
|4 0
|d 1999-10-16
|l 0
|r 2004-12-31 00:00:00
|w 2026-02-24
|
| 952 |
|
|
|a SNK
|b SNK
|y PREZ
|7 0
|p 17A0970979
|o snkSB 27398
|i snkKSP 6895/78
|0 0
|1 0
|4 0
|d 2012-07-30
|f 1
|l 0
|r 2025-03-31 00:00:00
|w 2026-02-24
|